Die Chronik des Gettos Lodz, Litzmannstadt. - Göttingen : Wallstein [Rezension]
| Titel: | Die Chronik des Gettos Lodz, Litzmannstadt. - Göttingen : Wallstein [Rezension] |
|---|---|
| Verfasser: | |
| In: |
Damals, Band 40, Heft 5 (2008), Seite 56 alle Artikel anzeigen |
| Veröffentlicht: | 2008 |
| Format: | Aufsatz |
| Sprache: | Deutsch |
X
alg: 39499073 001A $01999:12-11-16 001B $01999:04-08-21 $t21:01:25.000 001D $01999:12-11-16 001U $0utf8 001X $00 002@ $0Aox 003@ $0394990730 007A $0394990730 $aHEB 007T $0Herdc0062409m 010@ $ager 011@ $a2008 021A $aDie @Chronik des Gettos Lodz, Litzmannstadt. - Göttingen : Wallstein [Rezension] 028A $aTalkenberger $dHeike 031A $d40 $e5 $h56 $j2008 039B $aIn $8--Abvc--. Damals. - Leinfelden-Echterdingen : Konradin, 1969-. - ISSN 0011-5908 $x200800000400005944 $9047713682 039T $8--Acu--. Die @Chronik des Gettos Lodz, Litzmannstadt. - Göttingen : Wallstein. - ISBN 978-3-89244-834-1 $9190824220 045F $a900.9438 $eDDC23BSB 045F/01 $a900 045F/03 $g438 045T $a8 lok: 39499073 78 exp: 39499073 78 1 #EPN 201B/01 $018-11-16 $t13:21:48.000 201U/01 $0utf8 203@/01 $0791289346 208@/01 $a12-11-16 $be 209A/01 $a/ $f000 $x00 220C/01 $aTitelaufnehmer: pg 220C/01 $aHerkunft: HI Marburg 244Z/01 $2Trx $#Poola $#Lenkija $#Polija $#Polen Land $#Poland $#Lengyelország $#Poľsko $#Polsko $8--Trx--Polska$gkraj $x01 $9391345966 244Z/01 $2Trx $#arvustused $#recenzijos $#Reviews $#recenziók $#recenzje $#recenzie $#recenze $8--Trx--Rezensionen $x02 $9391357441 247C/01 $82080>Marburg/Lahn, Herder-Institut, Forschungsbibliothek, Bibliographieportal $9336309341
| LEADER | 00000caa a22000002c 4500 | ||
|---|---|---|---|
| 001 | 394990730 | ||
| 003 | DE-603 | ||
| 005 | 20210804210125.0 | ||
| 007 | tu | ||
| 008 | 161112s2008 xx |||| | u00||u|ger c | ||
| 035 | |a (DE-599)HEB394990730 | ||
| 040 | |a DE-603 |b ger |c DE-603 |d DE-603 | ||
| 041 | |a ger | ||
| 082 | 0 | 4 | |8 1\u |a 900.9438 |q DE-101 |2 23/BSB |
| 084 | |a 8 |2 ssgn | ||
| 085 | |8 1\u |b 900 | ||
| 085 | |8 1\u |z 2 |s 438 | ||
| 100 | 1 | |a Talkenberger, Heike | |
| 245 | 0 | 0 | |a Die Chronik des Gettos Lodz, Litzmannstadt. - Göttingen : Wallstein [Rezension] |
| 264 | 0 | |c 2008 | |
| 773 | 0 | 8 | |i In |t Damals |d Leinfelden-Echterdingen : Konradin, 1969- |h 28 cm |x 0011-5908 |g Band 40, Heft 5 (2008), Seite 56 |w (DE-603)047713682 |w (DE-600)512126-7 |
| 787 | 0 | 8 | |i Rezension von |t Die Chronik des Gettos Lodz, Litzmannstadt |d Göttingen : Wallstein |h 24 cm |z 9783892448341 |z 3892448345 |w (DE-603)190824220 |
| 924 | 0 | |9 2080 |a (DE-603)791289346 |b DE-2080 |c HES |d d |g / | |


